000 00773nas a2200265 4500
001 BR9903677
003 BR-BrBNA
005 20231205101509.0
007 ta
008 230509b bl.|||p| |||| 00| 00por d
040 _aBR-BrBNA
_bpor
_cBiblioteca Nacional de Agricultura
041 _a(En)
072 _aK50
100 1 _aTsuchiya, A.
100 1 _aHiraoka, M.
245 1 _aForest biomass and wood consumption in the lower course of the Amazon: a case study of the Urubueua Island
650 _aAcai
650 _aMadeira
650 _aBiomassa
650 _aVarzea
650 _aAmazonia
773 0 _tActa Amazonica (Brazil)
_xISSN 0044-5967
_g(Mar 1999), v. 29(1) p. 79-95
_wBR9903677
909 _a202311
_bLúcia
_c55
_dLúcia Elande
942 _2AGRIS
_n0
_cANA
999 _c162200
_d162200